1337 1159 1985 1548 1820 1170 1851 1406 1317 1058 1532 1937 1990 1605 1035 1003 1991 1211 1898 1255 1157 1922 1824 1896 1803 1508 1589 1776 1468 1657 1389 1878 1824 1355 1847 1438 1036 1011 1687 1000 1862 1824 1953 1028 1981 1925 1345 1749 1890 1891 1715 1741 1688 1612 1660 1864 1120 1972 1288 1493 1685 1637 1220 1200 1490 1847 1419 1957 1339 1482 1182 1521 1034 1375 1492 1591 1287 1207 1614 1617 1498 1309 1049 1024 1835 1388 1854 1320 1400 1210 1564 1069 1029 1358 1684 1748 1438 1098 1323 BCNSPRNW ULIB Ver.6.0+V

เปลี่ยนเป็นภาษาไทย

Change to English
 แสดงรายละเอียดบรรณานุกรม
  กลับหน้าหลัก

Brief Record : Get Marc (ISO 2709) : E-mail record : QR code < ปิดหน้าต่าง
LEADER : 00000nas 2200000uu 4500
001    13399124684
003     ULIB
008    151225s||||||||th 000 0 tha d
022 0  2287-0946
110 1  โรงพยาบาลจิตเวชนครราชสีมาราชนครินทร์
245 00 วารสารสุขภาพจิตชุมชนแห่งประเทศไทย
310    ^aราย 6 เดือน
850 ^a ULIB^bปีที่ 1 ฉบับที่ 2 ฉ.1
945    ^p0^l0^i903493
999    ^aเกษร โพธิ์สุวรรณ
รายการนี้ยังไม่มีแท็ก
คุณยังไม่ได้ล็อกอิน คุณสามารถมีกิจกรรมร่วมกับเว็บไซต์ได้ แต่ต้องล็อกอินก่อน ::
  ล็อกอิน

รายการสื่อสารสนเทศ (วารสาร)

ดูแบบ: กล่อง รายการ
ARRIVED
ปีที่ 1 ฉบับที่ 2 ฉ.1
สถานที่: ห้องสมุดวิทยาเขตสวรรค์ประชารักษ์ >วารสาร

BibComment


ยังไม่เคยถูกคอมเมนท์

คอมเมนท์ทรัพยากรรายการนี้
  คอมเมนท์: วารสารสุขภาพจิตชุ..


 Copyright 2026. Bcnsprnw @Library